<?xml version="1.0" encoding="UTF-8"?>
<collection xmlns="http://www.loc.gov/MARC21/slim">
<record>
  <controlfield tag="001">3406</controlfield>
  <controlfield tag="005">20180116112342.0</controlfield>
  <datafield tag="024" ind1="7" ind2=" ">
    <subfield code="a">10.1051/epjconf/201715205010</subfield>
    <subfield code="2">DOI</subfield>
  </datafield>
  <datafield tag="037" ind1=" " ind2=" ">
    <subfield code="a">SCART-2018-0019</subfield>
  </datafield>
  <datafield tag="100" ind1=" " ind2=" ">
    <subfield code="a">Irrgang, A.</subfield>
  </datafield>
  <datafield tag="245" ind1=" " ind2=" ">
    <subfield code="a">The evolved slowly pulsating B star 18 Peg. A testbed for upper main sequence stellar evolution</subfield>
  </datafield>
  <datafield tag="260" ind1=" " ind2=" ">
    <subfield code="c">2017</subfield>
  </datafield>
  <datafield tag="520" ind1=" " ind2=" ">
    <subfield code="a">The predicted width of the upper main sequence in stellar evolution models depends on the empirical calibration of the convective overshooting parameter. Despite decades of discussions, its precise value is still unknown and further observational constraints are required to gauge it. Irrgang et al. ([1]) showed that the B3 III giant 18 Peg is one of the most evolved members of the class of slowly pulsating B (SPB) stars and, thus, bears tremendous potential to derive a tight lower limit for the width of the upper main sequence. In addition, 18 Peg turns out to be part of a single-lined spectroscopic binary system with an eccentric, more than 6-year orbit. The orbital solution, in combination with the absence of additional signatures of the secondary component in the spectroscopic data and the spectral energy distribution, lead to the conclusion that all the observations of 18 Peg are fully compatible with the assumption that the secondary component is either a main-sequence star with a mass of 1-4 M⊙ or a neutron star.</subfield>
  </datafield>
  <datafield tag="594" ind1=" " ind2=" ">
    <subfield code="a">NO</subfield>
  </datafield>
  <datafield tag="700" ind1=" " ind2=" ">
    <subfield code="a">De Cat, P. </subfield>
  </datafield>
  <datafield tag="700" ind1=" " ind2=" ">
    <subfield code="a">Tkachenko, A.</subfield>
  </datafield>
  <datafield tag="773" ind1=" " ind2=" ">
    <subfield code="p">EPJ Web of Conferences</subfield>
    <subfield code="v">152</subfield>
    <subfield code="y">2017</subfield>
    <subfield code="n">id. 05010</subfield>
    <subfield code="c">1-2</subfield>
  </datafield>
  <datafield tag="856" ind1="0" ind2=" ">
    <subfield code="f">peter@observatoire.be</subfield>
  </datafield>
  <datafield tag="856" ind1="4" ind2="2">
    <subfield code="a">https://www.epj-conferences.org/articles/epjconf/abs/2017/21/epjconf_puls2017_05010/epjconf_puls2017_05010.html</subfield>
  </datafield>
  <datafield tag="856" ind1="4" ind2=" ">
    <subfield code="s">134748</subfield>
    <subfield code="u">http://publi2-as.oma.be/record/3406/files/Irrgang2017_EPJWC152_05010.pdf</subfield>
  </datafield>
  <datafield tag="856" ind1="4" ind2=" ">
    <subfield code="s">3983</subfield>
    <subfield code="u">http://publi2-as.oma.be/record/3406/files/Irrgang2017_EPJWC152_05010.gif?subformat=icon</subfield>
    <subfield code="x">icon</subfield>
  </datafield>
  <datafield tag="856" ind1="4" ind2=" ">
    <subfield code="s">4304</subfield>
    <subfield code="u">http://publi2-as.oma.be/record/3406/files/Irrgang2017_EPJWC152_05010.jpg?subformat=icon-180</subfield>
    <subfield code="x">icon-180</subfield>
  </datafield>
  <datafield tag="905" ind1=" " ind2=" ">
    <subfield code="a">published in</subfield>
  </datafield>
  <datafield tag="980" ind1=" " ind2=" ">
    <subfield code="a">NONREF</subfield>
  </datafield>
</record>
</collection>